Acto y procedimiento administrativo: actas de las segundas jornadas de derecho administrativo
Збережено в:
| Формат: | Книга |
|---|---|
| Мова: | Іспанська |
| Опубліковано: |
Valparaíso
Universitarias de Valparaíso
2007
|
| Предмети: | |
| Теги: |
Додати тег
Немає тегів, Будьте першим, хто поставить тег для цього запису!
|
MARC
| LEADER | 00000nam a2200000 a 4500 | ||
|---|---|---|---|
| 001 | UCI2124 | ||
| 003 | CL-VaPUC | ||
| 008 | 070803e20070000CL |||||||||||||||||spa|d | ||
| 020 | |a 9789561703995 | ||
| 082 | 0 | 4 | |a 342.066 |b ACT |2 21 |
| 245 | 1 | 0 | |a Acto y procedimiento administrativo: actas de las segundas jornadas de derecho administrativo |
| 300 | |a 207 p | ||
| 942 | |c BK | ||
| 945 | |d 20070803 00:00:00 |a jtorresc | ||
| 260 | |a Valparaíso |b Universitarias de Valparaíso |c 2007 | ||
| 650 | 0 | |a Derecho administrativo |9 254851 | |
| 650 | 0 | |a Procedimiento administrativo |9 256132 | |
| 583 | |a last modification |c 20070803 00:00:00 |k Rodrigo Vera | ||
| 999 | |c 326759 |d 326757 | ||
| 952 | |0 0 |1 0 |4 0 |6 342_066000000000000_ACT_2007 |7 0 |8 A |9 408882 |a BIBDER |b BIBDER |d 2019-11-22 |i 4360109 |l 9 |m 3 |o 342.066 ACT 2007 |p 4360109 |r 2023-01-25 |s 2022-11-25 |w 2019-11-22 |y BK |k DER | ||
| 952 | |0 0 |1 0 |4 0 |6 342_066000000000000_ACT_2007 |7 0 |8 A |9 408884 |a BIBDER |b BIBDER |d 2019-11-22 |i 4367936 |l 2 |o 342.066 ACT 2007 |p 4367936 |q 2025-05-14 |r 2025-05-07 |s 2025-05-07 |w 2019-11-22 |y BK |k DER | ||